000
00319nam a2200109Ia 4500
008
230125s9999 xx 000 0 und d
082
_a
340
_b
PRAH
100
_a
Pradhan, Jagat B.
245
0
_a
Hgh court of Sikkim: commemorating fifty glorious years of the judiciary in Sikkim, 2009-2010
260
_c
2009-2010
942
_c
BK
999
_c
328
_d
328